000 00798cam a2200229 4500
008 000000n1998 000 0 eng u
020 _a0852998481
035 _a(Sirsi) u107699
050 _a657.76
110 _aChartered Institute of Public Finance and Accountancy
_92136
245 _aPeople + pounds + property = services : a guide to the use of capital accounting to improve asset management and service performance.
260 _aLondon
_bCIPFA
_c1998
300 _avi,114p. ; 30cm.
350 _a60.00
520 _aIncludes case studies from the London Borough of Lewisham and Devon County Council
650 _aFINANCIAL MANAGEMENT
650 _aCAPITAL ACCOUNTING
650 _aASSET MANAGEMENT
650 _aLOCAL AUTHORITIES
690 _aLOCAL GOVERNMENT
942 _n0
999 _c100712
_d100712